000 00362nam a22001577a 4500
003 SGT
082 _a617
_bP69K
100 _aKYLE, JAMES
245 _aPYE'S SURGICAL HANDICRAFT
250 _a19TH
260 _aBOMBAY, INDIA
_bK.M. VARGESE PUB
_c1969
300 _a820
650 _aGENERAL SUGERY
653 _aPYE'S SURGICAL HANDICRAFT
942 _2ddc
_cRARE
999 _c22302
_d22302